[Event "Suwalki_2017"]
[Site "?"]
[Date "2017.08.05"]
[Round "3.3"]
[White "Sujkowski, Pawel"]
[Black "Jedynak, January"]
[Result "1/2-1/2"]
[BlackElo "1791"]
[WhiteElo "1996"]
[LiveChessVersion "1.4.8"]

1. c4 {[%clk 1:30:58]} Nf6 {[%clk 1:25:21]} 2. g3 {[%clk 1:31:24]} e6
{[%clk 1:25:23]} 3. Bg2 {[%clk 1:31:43]} d5 {[%clk 1:25:45]} 4. Nf3
{[%clk 1:32:03]} b6 {[%clk 1:25:18]} 5. O-O {[%clk 1:31:00]} Bb7 {[%clk 1:25:26]}
6. b3 {[%clk 1:30:29]} Nbd7 {[%clk 1:24:49]} 7. Bb2 {[%clk 1:30:38]} c5
{[%clk 1:22:25]} 8. e3 {[%clk 1:30:29]} Be7 {[%clk 1:21:52]} 9. Nc3
{[%clk 1:30:26]} O-O {[%clk 1:20:50]} 10. cxd5 {[%clk 1:30:28]} Nxd5
{[%clk 1:14:33]} 11. Nxd5 {[%clk 1:30:41]} Bxd5 {[%clk 1:14:50]} 12. d4
{[%clk 1:29:34]} Bf6 {[%clk 1:13:34]} 13. Qe2 {[%clk 1:28:57]} Be4
{[%clk 1:10:11]} 14. Rfd1 {[%clk 1:28:30]} Qc7 {[%clk 1:09:11]} 15. Rac1
{[%clk 1:20:41]} Qb7 {[%clk 1:09:19]} 16. Ne1 {[%clk 1:20:47]} Bxg2
{[%clk 1:07:14]} 17. Nxg2 {[%clk 1:21:12]} Rac8 {[%clk 1:07:06]} 18. dxc5
{[%clk 1:17:20]} Bxb2 {[%clk 1:06:34]} 19. Qxb2 {[%clk 1:17:44]} Nxc5
{[%clk 1:06:45]} 20. Ne1 {[%clk 1:11:56]} Rfd8 {[%clk 1:06:43]} 21. Qe2
{[%clk 1:10:03]} 1/2-1/2

[Event "Suwalki_2017"]
[Site "?"]
[Date "2017.08.05"]
[Round "3.4"]
[White "Jaroch, Karol"]
[Black "Bartoszewicz, Marcin"]
[Result "1-0"]
[BlackElo "1915"]
[WhiteElo "2207"]
[LiveChessVersion "1.4.8"]

1. e4 {[%clk 1:29:47]} e5 {[%clk 1:30:44]} 2. Nf3 {[%clk 1:30:12]} Nc6
{[%clk 1:30:59]} 3. Bc4 {[%clk 1:30:35]} Be7 {[%clk 1:30:25]} 4. d4
{[%clk 1:28:59]} d6 {[%clk 1:27:49]} 5. dxe5 {[%clk 1:22:43]} dxe5
{[%clk 1:28:03]} 6. Bd5 {[%clk 1:22:24]} Bd7 {[%clk 1:25:23]} 7. Nbd2
{[%clk 1:18:51]} Bd6 {[%clk 1:24:35]} 8. Nc4 Qe7 {[%clk 1:19:36]} 9. O-O
{[%clk 1:16:49]} h6 {[%clk 1:17:15]} 10. Nxd6+ {[%clk 1:16:11]} Qxd6
{[%clk 1:17:27]} 11. b3 {[%clk 1:14:29]} Nf6 {[%clk 1:16:12]} 12. a4
{[%clk 1:14:34]} Bg4 {[%clk 1:12:04]} 13. Ba3 {[%clk 1:14:37]} Qd7
{[%clk 1:12:15]} 14. h3 {[%clk 1:02:48]} Bxf3 {[%clk 1:06:06]} 15. Qxf3
{[%clk 1:03:16]} Nd4 {[%clk 1:04:53]} 16. Qd3 {[%clk 1:03:37]} O-O-O
{[%clk 1:04:27]} 17. Rad1 {[%clk 0:59:13]} c6 {[%clk 1:03:23]} 18. Bc4
{[%clk 0:58:38]} Qe8 {[%clk 1:02:37]} 19. c3 {[%clk 0:58:36]} Ne6
{[%clk 1:01:40]} 20. Qe3 {[%clk 0:58:34]} Kb8 {[%clk 0:59:15]} 21. Bd6+
{[%clk 0:58:35]} Ka8 {[%clk 0:57:11]} 22. Bxe5 {[%clk 0:57:35]} Ng5
{[%clk 0:57:07]} 23. Bxf6 {[%clk 0:57:45]} gxf6 {[%clk 0:57:35]} 24. Rxd8+ Qxd8
{[%clk 0:58:04]} 25. f4 {[%clk 0:57:33]} Ne6 {[%clk 0:58:18]} 26. f5
{[%clk 0:57:44]} Nc7 {[%clk 0:58:07]} 27. Bxf7 {[%clk 0:57:40]} Qe7
{[%clk 0:58:26]} 28. Bc4 {[%clk 0:57:38]} h5 {[%clk 0:56:47]} 29. e5
{[%clk 0:52:55]} fxe5 {[%clk 0:56:28]} 30. f6 {[%clk 0:53:21]} Qd6
{[%clk 0:56:42]} 31. Rf5 {[%clk 0:53:34]} Rf8 {[%clk 0:55:31]} 32. f7
{[%clk 0:53:50]} 1-0

[Event "Suwalki_2017"]
[Site "?"]
[Date "2017.08.05"]
[Round "4.1"]
[White "Grabowski, Adam"]
[Black "Sliwicki, Damian"]
[Result "1/2-1/2"]
[BlackElo "2112"]
[WhiteElo "2063"]
[LiveChessVersion "1.4.8"]

1. Nf3 {[%clk 1:30:57]} c5 {[%clk 1:30:55]} 2. c3 {[%clk 1:30:26]} Nf6
{[%clk 1:31:15]} 3. g3 {[%clk 1:30:39]} Nc6 {[%clk 1:31:26]} 4. Bg2
{[%clk 1:30:37]} e5 {[%clk 1:29:55]} 5. d4 {[%clk 1:28:11]} cxd4 {[%clk 1:28:26]}
6. cxd4 {[%clk 1:28:31]} e4 {[%clk 1:26:36]} 7. Ne5 {[%clk 1:28:38]} Qb6
{[%clk 1:15:17]} 8. Nxc6 {[%clk 1:16:59]} bxc6 {[%clk 1:15:42]} 9. Nc3
{[%clk 1:17:04]} d5 {[%clk 1:16:03]} 10. O-O {[%clk 1:17:10]} Be7
{[%clk 1:12:56]} 11. Bf4 {[%clk 0:57:52]} O-O {[%clk 1:10:03]} 12. Na4
{[%clk 0:57:05]} Qb5 {[%clk 1:08:58]} 13. Qc2 {[%clk 0:55:47]} Bg4
{[%clk 1:07:17]} 14. f3 {[%clk 0:53:22]} Bf5 {[%clk 0:56:55]} 15. Nc3
{[%clk 0:50:14]} Qc4 {[%clk 0:51:56]} 16. Qa4 {[%clk 0:48:09]} Qxa4 17. Nxa4 exf3
{[%clk 0:49:51]} 18. exf3 {[%clk 0:49:07]} Nd7 {[%clk 0:48:30]} 19. Rac1
{[%clk 0:45:57]} Rac8 {[%clk 0:46:01]} 20. Rfd1 {[%clk 0:43:04]} g5
{[%clk 0:37:59]} 21. Be3 {[%clk 0:43:11]} Nb6 {[%clk 0:38:13]} 22. Nxb6
{[%clk 0:42:17]} axb6 {[%clk 0:38:35]} 23. a3 {[%clk 0:42:36]} Rfe8
{[%clk 0:37:14]} 24. Kf2 {[%clk 0:41:43]} f6 {[%clk 0:34:11]} 25. Bf1
{[%clk 0:40:23]} Bd6 {[%clk 0:31:34]} 26. Rc3 {[%clk 0:38:42]} Bd7
{[%clk 0:30:06]} 27. Ba6 {[%clk 0:38:09]} Rb8 {[%clk 0:29:09]} 28. Bf1
{[%clk 0:36:46]} h6 {[%clk 0:28:31]} 29. h4 {[%clk 0:36:15]} Kf7 30. Bd3
{[%clk 0:31:39]} gxh4 {[%clk 0:19:00]} 31. gxh4 Rg8 {[%clk 0:19:15]} 32. h5
{[%clk 0:30:10]} f5 {[%clk 0:17:34]} 33. f4 {[%clk 0:28:43]} c5 {[%clk 0:17:34]}
34. Be2 {[%clk 0:27:49]} c4 {[%clk 0:13:24]} 35. Bf3 {[%clk 0:27:57]} Be6
{[%clk 0:13:43]} 36. b4 {[%clk 0:26:44]} Be7 {[%clk 0:11:57]} 37. Ke2
{[%clk 0:25:37]} Rbe8 {[%clk 0:11:11]} 38. Rg1 {[%clk 0:24:57]} Rxg1
{[%clk 0:10:51]} 39. Bxg1 {[%clk 0:25:25]} Bf6 {[%clk 0:10:13]} 40. Be3
{[%clk 0:24:54]} Ke7 {[%clk 0:10:19]} 41. Kd2 {[%clk 0:23:42]} Kd6
{[%clk 0:10:18]} 42. Rc1 {[%clk 0:23:05]} Bf7 {[%clk 0:07:58]} 43. Bf2
{[%clk 0:23:09]} Ra8 {[%clk 0:07:22]} 44. Ra1 {[%clk 0:23:16]} Be8
{[%clk 0:05:34]} 45. Kc3 Ba4 46. Kb2 1/2-1/2

[Event "Suwalki_2017"]
[Site "?"]
[Date "2017.08.05"]
[Round "4.2"]
[White "Praczukowski, Stanislaw"]
[Black "Jaroch, Karol"]
[Result "0-1"]
[BlackElo "2207"]
[WhiteElo "2088"]
[LiveChessVersion "1.4.8"]

1. e4 {[%clk 1:30:55]} c5 {[%clk 1:30:56]} 2. Nf3 {[%clk 1:30:39]} d6
{[%clk 1:31:18]} 3. d4 {[%clk 1:30:53]} cxd4 {[%clk 1:31:43]} 4. Nxd4
{[%clk 1:31:19]} Nf6 {[%clk 1:32:05]} 5. f3 {[%clk 1:31:22]} e5 {[%clk 1:31:38]}
6. Nb3 {[%clk 1:31:38]} Be6 {[%clk 1:31:46]} 7. c4 {[%clk 1:31:38]} Be7
{[%clk 1:30:09]} 8. Nc3 {[%clk 1:31:37]} O-O {[%clk 1:27:27]} 9. Be3
{[%clk 1:31:14]} Ne8 {[%clk 1:22:51]} 10. Qd2 {[%clk 1:25:16]} Nc6
{[%clk 1:21:10]} 11. Be2 {[%clk 1:22:51]} Bh4+ {[%clk 1:20:32]} 12. g3
{[%clk 1:23:05]} Be7 {[%clk 1:20:57]} 13. O-O {[%clk 1:19:32]} f5
{[%clk 1:13:45]} 14. exf5 {[%clk 1:17:26]} Rxf5 {[%clk 1:13:54]} 15. Bd3
{[%clk 1:15:14]} Rf7 {[%clk 1:13:39]} 16. Nd5 {[%clk 1:11:59]} g6
{[%clk 1:05:07]} 17. Rae1 {[%clk 1:08:40]} Ng7 {[%clk 1:04:54]} 18. Be4
{[%clk 1:03:10]} Bh3 {[%clk 1:02:56]} 19. Nxe7+ {[%clk 1:01:10]} Qxe7
{[%clk 1:03:16]} 20. Rf2 {[%clk 1:01:02]} Be6 {[%clk 1:00:25]} 21. c5
{[%clk 0:55:01]} dxc5 {[%clk 0:52:07]} 22. Bxc6 {[%clk 0:54:24]} Bxb3
{[%clk 0:51:16]} 23. Bxb7 {[%clk 0:47:09]} Qxb7 {[%clk 0:51:18]} 24. axb3
{[%clk 0:47:35]} Rc8 {[%clk 0:48:55]} 25. Qc3 {[%clk 0:44:37]} Nf5
{[%clk 0:47:59]} 26. Ref1 {[%clk 0:37:22]} Qd5 {[%clk 0:46:17]} 27. Rd2
{[%clk 0:36:39]} Nd4 {[%clk 0:46:37]} 28. Bxd4 {[%clk 0:36:42]} exd4
{[%clk 0:46:58]} 29. Qc4 {[%clk 0:34:54]} Qxc4 {[%clk 0:46:57]} 30. bxc4
{[%clk 0:35:23]} Rb8 {[%clk 0:47:11]} 31. f4 {[%clk 0:28:05]} Rb4
{[%clk 0:47:13]} 32. Rc1 {[%clk 0:27:32]} Rfb7 {[%clk 0:45:29]} 33. Rcc2
{[%clk 0:27:49]} Ra4 {[%clk 0:45:52]} 34. Rd1 {[%clk 0:26:57]} Ra2
{[%clk 0:40:27]} 35. Rb1 {[%clk 0:23:53]} a5 {[%clk 0:40:50]} 36. h4
{[%clk 0:23:26]} a4 {[%clk 0:41:14]} 37. Rf2 {[%clk 0:23:38]} Rb3
{[%clk 0:40:12]} 0-1

[Event "Suwalki_2017"]
[Site "?"]
[Date "2017.08.05"]
[Round "4.3"]
[White "Sowul, Bartosz"]
[Black "Sujkowski, Pawel"]
[Result "1-0"]
[BlackElo "1996"]
[WhiteElo "2183"]
[LiveChessVersion "1.4.8"]

1. d4 {[%clk 1:30:58]} d5 {[%clk 1:30:55]} 2. c4 {[%clk 1:31:24]} e6
{[%clk 1:31:21]} 3. Nc3 {[%clk 1:31:51]} c6 {[%clk 1:31:47]} 4. Nf3
{[%clk 1:31:59]} dxc4 {[%clk 1:32:12]} 5. a4 {[%clk 1:32:23]} Bb4
{[%clk 1:32:37]} 6. e3 {[%clk 1:32:47]} b5 {[%clk 1:33:02]} 7. Bd2
{[%clk 1:33:11]} a5 {[%clk 1:33:27]} 8. Rb1 {[%clk 1:33:02]} Ba6 {[%clk 1:32:53]}
9. Ne5 {[%clk 1:32:44]} Nf6 {[%clk 1:31:48]} 10. Nxc6 {[%clk 1:30:58]} Nxc6
{[%clk 1:32:05]} 11. axb5 {[%clk 1:31:17]} Nxd4 {[%clk 1:23:00]} 12. bxa6
{[%clk 1:30:26]} Nb3 {[%clk 1:17:20]} 13. Bxc4 {[%clk 1:30:47]} Nxd2
{[%clk 1:17:40]} 14. Qxd2 {[%clk 1:31:10]} Qxd2+ {[%clk 1:17:46]} 15. Kxd2
{[%clk 1:31:28]} Ke7 {[%clk 1:17:37]} 16. Ke2 {[%clk 1:23:10]} Rhc8
{[%clk 1:13:27]} 17. Bd3 {[%clk 1:23:04]} Nd7 {[%clk 1:09:22]} 18. Be4
{[%clk 1:18:24]} Ra7 {[%clk 1:05:09]} 19. Bb7 {[%clk 1:16:28]} Rc5
{[%clk 1:04:10]} 20. Ne4 {[%clk 1:14:43]} Rc2+ {[%clk 1:02:30]} 21. Kd3
{[%clk 1:13:44]} Rc7 {[%clk 1:02:51]} 22. Rbc1 {[%clk 1:13:50]} Rxc1
{[%clk 0:59:37]} 23. Rxc1 {[%clk 1:13:16]} f5 {[%clk 0:59:55]} 24. Ng5
{[%clk 1:01:02]} h6 {[%clk 0:58:07]} 25. Nf3 {[%clk 1:01:05]} Nc5+
{[%clk 0:44:06]} 26. Rxc5 {[%clk 0:59:46]} Bxc5 {[%clk 0:44:30]} 27. Kc4
{[%clk 1:00:06]} Kd6 {[%clk 0:39:04]} 28. Nd4 {[%clk 0:59:06]} Bxd4
{[%clk 0:38:37]} 29. exd4 {[%clk 0:59:06]} Kc7 {[%clk 0:38:05]} 30. Kb5
{[%clk 0:59:11]} a4 {[%clk 0:38:24]} 31. Kxa4 {[%clk 0:59:24]} Kb6
{[%clk 0:38:49]} 32. Kb4 {[%clk 0:59:40]} g5 {[%clk 0:37:37]} 33. Kc4
{[%clk 0:58:58]} h5 {[%clk 0:37:27]} 34. g3 {[%clk 0:59:01]} 1-0

[Event "Suwalki_2017"]
[Site "?"]
[Date "2017.08.05"]
[Round "5.1"]
[White "Sliwicki, Damian"]
[Black "Jedynak, January"]
[Result "1-0"]
[BlackElo "1791"]
[WhiteElo "2112"]
[LiveChessVersion "1.4.8"]

1. e4 {[%clk 1:30:56]} e6 {[%clk 1:30:46]} 2. Nc3 {[%clk 1:31:21]} d5
{[%clk 1:30:50]} 3. d4 dxe4 {[%clk 1:30:30]} 4. Nxe4 {[%clk 1:32:14]} Nd7
{[%clk 1:30:50]} 5. Nf3 {[%clk 1:32:39]} Ngf6 {[%clk 1:31:14]} 6. Nxf6+
{[%clk 1:32:35]} Nxf6 {[%clk 1:31:36]} 7. Bd3 {[%clk 1:32:55]} Be7
{[%clk 1:31:57]} 8. O-O {[%clk 1:33:19]} O-O {[%clk 1:32:15]} 9. Ne5
{[%clk 1:31:07]} c5 {[%clk 1:30:42]} 10. dxc5 {[%clk 1:31:22]} Bxc5
{[%clk 1:26:28]} 11. Bg5 {[%clk 1:28:09]} Be7 {[%clk 1:25:44]} 12. Qe2
{[%clk 1:22:54]} Nd5 {[%clk 1:21:00]} 13. Bxe7 {[%clk 1:23:01]} Qxe7
{[%clk 1:21:01]} 14. Qe4 {[%clk 1:21:42]} g6 {[%clk 0:59:31]} 15. Rfe1
{[%clk 1:21:15]} Nf6 {[%clk 0:49:28]} 16. Qh4 {[%clk 1:20:40]} Nd5
{[%clk 0:48:19]} 17. Qg3 {[%clk 1:20:47]} b6 {[%clk 0:47:03]} 18. Ng4
{[%clk 1:20:25]} Bb7 {[%clk 0:42:56]} 19. Be4 {[%clk 1:15:51]} f5
{[%clk 0:39:22]} 20. Bxd5 {[%clk 1:14:54]} Bxd5 {[%clk 0:39:39]} 21. Ne5
{[%clk 1:14:43]} Rac8 {[%clk 0:38:14]} 22. c3 {[%clk 1:12:30]} Qb7
{[%clk 0:35:05]} 23. h4 {[%clk 1:11:58]} f4 {[%clk 0:35:05]} 24. Qg4
{[%clk 1:12:06]} Rf5 {[%clk 0:33:50]} 25. Rad1 {[%clk 1:07:56]} Qg7
{[%clk 0:28:21]} 26. Nf3 {[%clk 1:08:06]} Qf6 {[%clk 0:21:40]} 27. Ng5
{[%clk 1:02:12]} Rc4 {[%clk 0:19:25]} 28. Rxd5 {[%clk 0:55:49]} exd5
{[%clk 0:12:34]} 29. Re6 {[%clk 0:49:26]} f3 {[%clk 0:03:25]} 30. Qg3
{[%clk 0:48:47]} Rxg5 {[%clk 0:02:17]} 31. Qb8+ {[%clk 0:44:10]} Qf8
{[%clk 0:01:09]} 32. Re8 {[%clk 0:44:33]} Rxg2+ {[%clk 0:01:35]} 33. Kf1
{[%clk 0:45:00]} Qxe8 34. Qxe8+ {[%clk 0:45:24]} Kg7 {[%clk 0:01:03]} 35. Qe7+
{[%clk 0:45:17]} Kg8 {[%clk 0:00:56]} 36. Qe6+ {[%clk 0:40:07]} Kg7
{[%clk 0:01:01]} 37. Qe5+ {[%clk 0:40:24]} Kh6 {[%clk 0:00:36]} 38. Qe3+
{[%clk 0:40:43]} Kg7 {[%clk 0:00:48]} 39. Qxf3 {[%clk 0:40:56]} Rgg4
{[%clk 0:01:05]} 40. Qxd5 {[%clk 0:41:00]} a5 {[%clk 0:00:44]} 41. Qb7+
{[%clk 0:41:04]} Kh6 {[%clk 0:00:43]} 42. Qxh7+ {[%clk 0:40:27]} Kg5
{[%clk 0:01:09]} 43. Qe7+ {[%clk 0:40:40]} Kf5 {[%clk 0:00:56]} 44. Qb7
{[%clk 0:39:39]} a4 {[%clk 0:00:43]} 45. Qxb6 {[%clk 0:40:01]} Rge4
{[%clk 0:00:39]} 46. b3 {[%clk 0:39:58]} axb3 {[%clk 0:00:31]} 47. axb3
{[%clk 0:40:18]} Rc8 {[%clk 0:00:32]} 48. Qb5+ {[%clk 0:40:29]} Kf4 1-0

[Event "Suwalki_2017"]
[Site "?"]
[Date "2017.08.05"]
[Round "5.2"]
[White "Jaroch, Karol"]
[Black "Grabowski, Adam"]
[Result "1/2-1/2"]
[BlackElo "2063"]
[WhiteElo "2207"]
[LiveChessVersion "1.4.8"]

1. e4 {[%clk 1:30:58]} c6 {[%clk 1:30:55]} 2. Nc3 {[%clk 1:30:10]} d5
{[%clk 1:31:12]} 3. Nf3 {[%clk 1:30:29]} dxe4 {[%clk 1:31:22]} 4. Nxe4
{[%clk 1:30:52]} Nf6 {[%clk 1:31:44]} 5. Ng3 {[%clk 1:26:51]} g6 {[%clk 1:31:20]}
6. Be2 {[%clk 1:26:52]} Bg7 {[%clk 1:31:46]} 7. O-O {[%clk 1:27:17]} O-O
{[%clk 1:27:27]} 8. d4 {[%clk 1:27:16]} Nbd7 {[%clk 1:26:38]} 9. c4
{[%clk 1:25:38]} Qc7 {[%clk 1:26:43]} 10. b3 {[%clk 1:24:06]} Rd8
{[%clk 1:23:59]} 11. Bb2 {[%clk 1:24:01]} b6 {[%clk 1:24:11]} 12. Qc1
{[%clk 1:23:11]} Bb7 {[%clk 1:21:41]} 13. Re1 {[%clk 1:21:48]} e6
{[%clk 1:21:05]} 14. h4 {[%clk 1:21:43]} c5 {[%clk 1:20:35]} 15. h5
{[%clk 1:21:51]} Ng4 {[%clk 1:08:56]} 16. dxc5 {[%clk 1:19:50]} Qxc5
{[%clk 1:08:23]} 17. Rf1 {[%clk 1:19:45]} Ndf6 {[%clk 1:06:08]} 18. hxg6
{[%clk 1:20:00]} hxg6 {[%clk 1:05:57]} 19. Qg5 {[%clk 1:18:31]} Qc6
{[%clk 0:48:08]} 20. Rad1 {[%clk 1:16:47]} Rxd1 {[%clk 0:46:15]} 21. Rxd1
{[%clk 1:17:14]} e5 {[%clk 0:20:07]} 22. Ne1 {[%clk 1:14:54]} Qe6
{[%clk 0:18:23]} 23. Bf3 {[%clk 1:12:41]} e4 {[%clk 0:10:58]} 24. Bxg4
{[%clk 1:12:52]} Qxg4 {[%clk 0:11:06]} 25. Qxg4 {[%clk 1:12:45]} Nxg4
{[%clk 0:11:35]} 26. Bxg7 {[%clk 1:13:01]} Kxg7 {[%clk 0:12:04]} 27. Rd7
{[%clk 1:13:12]} Rb8 {[%clk 0:11:25]} 28. Nc2 {[%clk 1:13:15]} Nf6
{[%clk 0:09:20]} 29. Rd6 {[%clk 1:10:55]} Re8 {[%clk 0:07:07]} 30. Ne2
{[%clk 1:10:43]} Re7 {[%clk 0:07:15]} 31. Rd2 {[%clk 1:05:40]} Rd7
{[%clk 0:06:21]} 32. Ned4 {[%clk 1:06:00]} Kf8 {[%clk 0:06:11]} 33. f3
{[%clk 1:05:49]} exf3 {[%clk 0:05:01]} 34. gxf3 {[%clk 1:06:13]} Nh5
{[%clk 0:05:10]} 35. Kf2 {[%clk 1:06:17]} Ke8 {[%clk 0:04:54]} 36. a4
{[%clk 1:04:45]} Nf4 {[%clk 0:03:33]} 37. Ke3 {[%clk 1:04:35]} Ne6
{[%clk 0:03:13]} 38. Rh2 {[%clk 1:02:33]} Nc5 {[%clk 0:02:44]} 39. Rh8+
{[%clk 0:59:07]} Ke7 {[%clk 0:03:13]} 40. Rh1 {[%clk 0:59:04]} a5
{[%clk 0:03:24]} 1/2-1/2

[Event "Suwalki_2017"]
[Site "?"]
[Date "2017.08.05"]
[Round "5.3"]
[White "Kukorowski, Jan"]
[Black "Sowul, Bartosz"]
[Result "0-1"]
[BlackElo "2183"]
[WhiteElo "1625"]
[LiveChessVersion "1.4.8"]

1. e4 {[%clk 1:30:58]} g6 {[%clk 1:30:54]} 2. d4 {[%clk 1:31:22]} Bg7
{[%clk 1:31:20]} 3. Nc3 {[%clk 1:31:13]} d6 {[%clk 1:31:45]} 4. f4
{[%clk 1:30:33]} e6 {[%clk 1:32:08]} 5. Nf3 {[%clk 1:30:18]} Ne7 {[%clk 1:32:33]}
6. Be3 {[%clk 1:29:29]} b6 {[%clk 1:32:12]} 7. Be2 {[%clk 1:26:20]} Bb7
{[%clk 1:32:03]} 8. Qd2 {[%clk 1:23:52]} Nd7 {[%clk 1:31:02]} 9. e5
{[%clk 1:19:45]} Nf5 {[%clk 1:28:24]} 10. Bf2 {[%clk 1:20:08]} h5
{[%clk 1:28:31]} 11. O-O-O {[%clk 1:18:53]} Bxf3 {[%clk 1:22:42]} 12. Bxf3
{[%clk 1:18:45]} d5 {[%clk 1:23:07]} 13. g3 {[%clk 1:12:53]} Qe7 {[%clk 1:15:08]}
14. h3 {[%clk 1:10:37]} O-O-O {[%clk 1:12:26]} 15. Qd3 {[%clk 1:06:50]} Nb8
{[%clk 1:09:45]} 16. g4 {[%clk 1:00:49]} Nh4 {[%clk 0:57:19]} 17. Be2
{[%clk 1:00:38]} a6 {[%clk 0:53:27]} 18. Kb1 {[%clk 0:59:07]} Kb7
{[%clk 0:49:21]} 19. Rdf1 {[%clk 0:45:35]} hxg4 {[%clk 0:41:38]} 20. hxg4
{[%clk 0:45:45]} g5 {[%clk 0:41:33]} 21. f5 {[%clk 0:45:22]} Qd7 {[%clk 0:36:42]}
22. Bxh4 {[%clk 0:34:34]} gxh4 {[%clk 0:35:16]} 23. f6 {[%clk 0:29:55]} Bf8
{[%clk 0:35:09]} 24. g5 {[%clk 0:30:15]} c5 {[%clk 0:32:47]} 25. Rf4
{[%clk 0:29:52]} cxd4 {[%clk 0:29:56]} 26. Rxd4 {[%clk 0:27:17]} h3
{[%clk 0:26:23]} 27. Rxh3 {[%clk 0:22:58]} Rxh3 {[%clk 0:26:25]} 28. Qxh3
{[%clk 0:23:24]} Nc6 {[%clk 0:26:27]} 29. Rh4 {[%clk 0:13:37]} Nxe5
{[%clk 0:23:13]} 30. Bd3 {[%clk 0:10:59]} Qc7 {[%clk 0:08:23]} 31. Rh7
{[%clk 0:04:49]} Rd7 {[%clk 0:08:16]} 32. Qf1 {[%clk 0:04:18]} Nxd3
{[%clk 0:06:27]} 33. cxd3 {[%clk 0:04:47]} Qg3 {[%clk 0:06:08]} 34. Rh8
{[%clk 0:04:40]} Bd6 {[%clk 0:03:38]} 35. Rg8 {[%clk 0:05:09]} Bf4
{[%clk 0:03:55]} 36. Ne2 {[%clk 0:05:16]} Qxd3+ {[%clk 0:04:11]} 37. Ka1
{[%clk 0:05:46]} Rc7 {[%clk 0:03:30]} 38. g6 {[%clk 0:04:58]} Qxe2
{[%clk 0:03:00]} 39. Qb1 {[%clk 0:03:48]} Rc1 {[%clk 0:03:16]} 40. a3
{[%clk 0:04:15]} Qc2 {[%clk 0:03:29]} 41. Qxc1 {[%clk 0:04:37]} Bxc1 0-1

[Event "Suwalki_2017"]
[Site "?"]
[Date "2017.08.05"]
[Round "6.1"]
[White "Karwowski, Kacper"]
[Black "Sliwicki, Damian"]
[Result "1/2-1/2"]
[BlackElo "2112"]
[WhiteElo "2221"]
[LiveChessVersion "1.4.8"]

1. d4 {[%clk 1:30:52]} Nf6 {[%clk 1:30:44]} 2. Bg5 {[%clk 1:31:16]} e6
{[%clk 1:30:11]} 3. Bxf6 {[%clk 1:30:01]} Qxf6 {[%clk 1:30:36]} 4. e4
{[%clk 1:30:23]} c5 {[%clk 1:29:54]} 5. c3 {[%clk 1:29:37]} cxd4 {[%clk 1:29:51]}
6. cxd4 {[%clk 1:29:59]} Nc6 {[%clk 1:30:14]} 7. Nf3 {[%clk 1:30:13]} Bb4+
{[%clk 1:26:45]} 8. Nc3 {[%clk 1:30:25]} e5 {[%clk 1:16:03]} 9. d5
{[%clk 1:26:00]} Nd4 {[%clk 1:15:52]} 10. Rc1 {[%clk 1:22:16]} Qf4
{[%clk 1:11:44]} 11. Bd3 {[%clk 1:16:36]} Nxf3+ {[%clk 1:11:36]} 12. gxf3
{[%clk 1:16:59]} O-O {[%clk 1:09:53]} 13. Ke2 {[%clk 1:12:05]} Be7
{[%clk 1:08:11]} 14. Nb5 {[%clk 1:06:50]} d6 {[%clk 1:06:47]} 15. Rc7
{[%clk 1:04:36]} Bd8 {[%clk 0:59:21]} 16. Rc2 {[%clk 1:01:48]} Bb6
{[%clk 0:57:39]} 17. Qd2 {[%clk 0:56:14]} Qf6 {[%clk 0:56:49]} 18. Rg1
{[%clk 0:55:13]} h6 {[%clk 0:54:44]} 19. Rg3 {[%clk 0:53:49]} Bd7
{[%clk 0:44:33]} 20. Na3 {[%clk 0:49:35]} Qh4 {[%clk 0:30:47]} 21. h3
{[%clk 0:46:27]} a5 {[%clk 0:22:49]} 22. Nc4 {[%clk 0:46:09]} Bc5
{[%clk 0:22:43]} 23. Qc1 {[%clk 0:43:05]} Qf6 {[%clk 0:21:53]} 24. Ne3
{[%clk 0:39:17]} b5 {[%clk 0:18:05]} 25. Ng4 Bxg4 26. hxg4 g5 1/2-1/2

[Event "Suwalki_2017"]
[Site "?"]
[Date "2017.08.05"]
[Round "6.2"]
[White "Sowul, Bartosz"]
[Black "Grabowski, Adam"]
[Result "1/2-1/2"]
[BlackElo "2063"]
[WhiteElo "2183"]
[LiveChessVersion "1.4.8"]

1. d4 {[%clk 1:30:56]} Nf6 {[%clk 1:30:55]} 2. Bg5 {[%clk 1:31:21]} d5
{[%clk 1:29:46]} 3. Bxf6 {[%clk 1:31:29]} exf6 {[%clk 1:28:21]} 4. e3
{[%clk 1:31:50]} Bf5 {[%clk 1:27:55]} 5. Nd2 {[%clk 1:27:24]} c6 {[%clk 1:24:47]}
6. Ne2 {[%clk 1:25:40]} b5 {[%clk 1:12:59]} 7. Ng3 {[%clk 1:16:53]} Be6
{[%clk 1:10:28]} 8. Bd3 {[%clk 1:16:13]} g6 {[%clk 1:09:25]} 9. a4
{[%clk 1:11:22]} b4 {[%clk 1:00:35]} 10. c4 {[%clk 1:09:44]} bxc3
{[%clk 0:58:30]} 11. bxc3 {[%clk 1:10:07]} Nd7 {[%clk 0:58:45]} 12. O-O
{[%clk 1:07:30]} Bd6 {[%clk 0:58:39]} 13. c4 {[%clk 1:06:11]} O-O
{[%clk 0:58:11]} 14. c5 {[%clk 1:03:36]} Bc7 {[%clk 0:58:37]} 15. Ba6
{[%clk 1:01:40]} Rb8 {[%clk 0:57:39]} 16. Rb1 {[%clk 1:01:55]} Bxg3
{[%clk 0:54:49]} 17. hxg3 {[%clk 1:02:08]} Qc7 {[%clk 0:55:19]} 18. Bd3
{[%clk 0:59:30]} h5 {[%clk 0:52:22]} 19. e4 {[%clk 0:46:23]} Kg7 {[%clk 0:49:37]}
20. Qc2 {[%clk 0:41:44]} Rh8 {[%clk 0:42:54]} 21. Qc3 {[%clk 0:34:28]} h4
{[%clk 0:40:41]} 22. f4 {[%clk 0:31:12]} dxe4 {[%clk 0:30:12]} 23. Nxe4
{[%clk 0:28:44]} Bd5 {[%clk 0:29:10]} 24. gxh4 {[%clk 0:18:29]} Rxh4
{[%clk 0:28:20]} 25. Nd6 {[%clk 0:17:05]} Qd8 {[%clk 0:27:07]} 26. Rxb8
{[%clk 0:14:50]} Nxb8 {[%clk 0:27:22]} 27. Bc4 {[%clk 0:14:13]} Qh8
{[%clk 0:19:40]} 28. Bxd5 {[%clk 0:12:08]} cxd5 {[%clk 0:20:09]} 29. Qg3
{[%clk 0:08:13]} Rh1+ {[%clk 0:17:05]} 30. Kf2 {[%clk 0:08:38]} Rxf1+
{[%clk 0:17:26]} 31. Kxf1 {[%clk 0:09:03]} Qh1+ {[%clk 0:17:54]} 32. Kf2
{[%clk 0:09:00]} Qd1 {[%clk 0:17:33]} 33. Qe3 {[%clk 0:08:08]} Nc6
{[%clk 0:17:14]} 34. Ne8+ {[%clk 0:04:10]} Kf8 {[%clk 0:16:36]} 35. Nxf6
{[%clk 0:04:33]} Nxd4 {[%clk 0:11:52]} 36. Nd7+ {[%clk 0:04:41]} Kg7
{[%clk 0:11:02]} 37. Qe5+ {[%clk 0:03:49]} Kh7 {[%clk 0:11:18]} 38. Nf6+
{[%clk 0:03:12]} Kh6 {[%clk 0:11:08]} 39. Ng4+ {[%clk 0:02:50]} Kh7
{[%clk 0:11:07]} 40. Nf6+ {[%clk 0:03:14]} Kh6 {[%clk 0:11:32]} 41. Nxd5
{[%clk 0:03:21]} Qd2+ {[%clk 0:08:48]} 42. Kg1 {[%clk 0:03:26]} Kh7
{[%clk 0:07:56]} 43. Nf6+ {[%clk 0:02:15]} Kh6 {[%clk 0:08:26]} 44. Ng8+
{[%clk 0:02:35]} Kh7 {[%clk 0:08:53]} 45. Nf6+ {[%clk 0:02:27]} Kh6
{[%clk 0:09:22]} 46. Qg5+ {[%clk 0:03:11]} Kg7 {[%clk 0:09:09]} 47. Nh5+
{[%clk 0:03:05]} Kh7 {[%clk 0:09:19]} 48. Nf6+ {[%clk 0:03:29]} Kg7
{[%clk 0:09:48]} 49. Nh5+ {[%clk 0:03:53]} Kh7 {[%clk 0:10:14]} 1/2-1/2